000 00411nam a2200145Ia 4500
008 240729s9999 xx 000 0 und d
022 _a2513-230X
245 0 _aCeylon Journal of Science
260 _aSri Lanka
260 _bFaculty of Science, University of Peradeniya, Sri Lanka
650 _aScience
856 _uhttps://doaj.org/toc/985085ff26f44a27aac8e4b79daac09e
942 _2ddc
942 _cDOAJEJ
999 _c72400
_d72400
945 _a1
_bMadushi Gamage
_c1
_dMadushi Gamage